| 000 | 00486nam a2200157 4500 | ||
|---|---|---|---|
| 999 |
_c1646 _d1646 |
||
| 008 | 200128b ||||| |||| 00| 0 eng d | ||
| 082 | 0 | 0 |
_a604.262180246238 _bB3931 |
| 100 |
_91276 _aBeck, H. G. |
||
| 245 | 1 | 0 |
_aReed's Vol. 11: engineering drawing for marine engineers / _cby H. G. Beck |
| 250 | _a1st ed. | ||
| 260 |
_aLondon: _bThomas Reed, _c1973. |
||
| 300 | _a167 p. | ||
| 490 | 0 |
_aReed's practical mathematical series; _vVol. 11 |
|
| 650 | 0 | _aEngineering drawing | |
| 942 |
_2ddc _cBK |
||